书目信息 |
| 题名: |
中学历史“情感态度与价值观”目标达成实践研究
|
|
| 作者: | 凤光宇 主编 | |
| 分册: | ||
| 出版信息: | 上海 上海教育出版社 2017 |
|
| 页数: | 355页 | |
| 开本: | 24cm | |
| 丛书名: | ||
| 单 册: | ||
| 中图分类: | G633.512 | |
| 科图分类: | ||
| 主题词: | 中学历史课--教学研究--初中 | |
| 电子资源: | ||
| ISBN: | 978-7-5444-7812-0 | |
| 000 | 00834nam0 2200217 450 | |
| 001 | 3485 | |
| 005 | 20180527161636.10 | |
| 010 | @a978-7-5444-7812-0@dCNY39.00 | |
| 100 | @a20171116d2017 em y0chiy50 ea | |
| 101 | 0 | @achi |
| 102 | @aCN@b310000 | |
| 105 | @aa z 000yy | |
| 200 | 1 | @a中学历史“情感态度与价值观”目标达成实践研究@9zhong xue li shi“qing gan tai du yu jia zhi guan”mu biao da cheng shi jian yan jiu@f凤光宇主编 |
| 210 | @a上海@c上海教育出版社@d2017 | |
| 215 | @a355页@c图@d24cm | |
| 330 | @a本书分为6篇,内容包括:中国古代文明、中华民族的抗争与探索、走向伟大复兴的中华民族、世界古代文明、现代世界体系的形成与演变、急剧变化中的当代世界。 | |
| 606 | 0 | @a中学历史课@x教学研究@x初中 |
| 690 | @aG633.512@v5 | |
| 701 | 0 | @a凤光宇@9feng guang yu@4主编 |
| 801 | 0 | @aCN@b91MARC@c20171116 |
| 905 | @aMuseLib@dG633.512@e307 | |
| 中学历史“情感态度与价值观”目标达成实践研究/凤光宇主编.-上海:上海教育出版社,2017 |
| 355页:图;24cm |
| ISBN 978-7-5444-7812-0:CNY39.00 |
| 本书分为6篇,内容包括:中国古代文明、中华民族的抗争与探索、走向伟大复兴的中华民族、世界古代文明、现代世界体系的形成与演变、急剧变化中的当代世界。 |
| ● |
| 相关链接 |
|
|
|
|
正题名:中学历史"情感态度与价值观"目标达成实践研究
索取号:G633.512/307
 
预约/预借
| 序号 | 登录号 | 条形码 | 馆藏地/架位号 | 状态 | 备注 |
| 1 | 1109388 | 211093886 | 第一样本阅览室/ [索取号:G633.512/307] | 在馆 | |
| 2 | 1109389 | 211093895 | 教育系资料室/ [索取号:G633.512/307] | 在馆 | |
| 3 | 1109390 | 211093902 | 教育系资料室/ [索取号:G633.512/307] | 在馆 | |
| 4 | 1109391 | 211093911 | 第四借阅区/ [索取号:G633.512/307] | 在馆 |